|
|
|
|
| LEADER |
01124nam a2200337 4500 |
| 001 |
DLU110123765 |
| 005 |
##20110810 |
| 040 |
# |
# |
|a DLU
|b vie
|
| 041 |
# |
# |
|a vie
|
| 044 |
# |
# |
|a vn
|
| 082 |
# |
# |
|a 540.76
|b Huo
|
| 245 |
# |
# |
|a Hướng dẫn giải các dạng bài tập từ các đề thi quốc gia của Bộ Giáo dục & Đào tạo - Hoá học :
|b Dành cho học sinh lớp 12 ôn tập thi Đại học, Cao đẳng; Biên soạn theo nội dung và cấu trúc đề thi của Bộ Giáo dục & Đào tạo /
|c Nguyễn Nam Khánh, ... [et al].
|
| 260 |
# |
# |
|a H. :
|b Đại học Sư phạm,
|c 2011.
|
| 300 |
# |
# |
|a 295 tr. ;
|c 24 cm.
|
| 650 |
# |
# |
|a Hoá học
|x Thi cử, câu hỏi, v.v...
|
| 700 |
# |
# |
|a Lê Thị Hải Yến.
|
| 700 |
# |
# |
|a Nguyễn Khắc Hào.
|
| 700 |
# |
# |
|a Nguyễn Nam Khánh.
|
| 700 |
# |
# |
|a Nguyễn Quốc Huy.
|
| 700 |
# |
# |
|a Trần Thị Vân Anh.
|
| 923 |
# |
# |
|a 09/2011
|
| 991 |
# |
# |
|a GT
|
| 992 |
# |
# |
|a 55000
|
| 994 |
# |
# |
|a DLU
|
| 900 |
# |
# |
|a True
|
| 911 |
# |
# |
|a Đào Thị Thu Huyền
|
| 925 |
# |
# |
|a G
|
| 926 |
# |
# |
|a A
|
| 927 |
# |
# |
|a SH
|
| 980 |
# |
# |
|a Thư viện Trường Đại học Đà Lạt
|